|
|
|
|
| LEADER |
02944nam a2200757 4500 |
| 001 |
ocn844074308 |
| 003 |
OCoLC |
| 005 |
20170124070439.7 |
| 006 |
m o d |
| 007 |
cr ||||||||||| |
| 008 |
130520s2013 nju s 000 0 eng |
| 010 |
|
|
|a 2013020437
|
| 040 |
|
|
|a DLC
|b eng
|c DLC
|d YDX
|d N$T
|d CUS
|d YDXCP
|d UKMGB
|d UMI
|d B24X7
|d DEBBG
|d DEBSZ
|d E7B
|d COO
|d UKDOC
|d GrThAP
|
| 016 |
7 |
|
|a 016494338
|2 Uk
|
| 019 |
|
|
|a 868967216
|a 899243188
|
| 020 |
|
|
|a 9781118720134 (Adobe PDF)
|
| 020 |
|
|
|a 111872013X (Adobe PDF)
|
| 020 |
|
|
|a 9781118720233 (MobiPocket)
|
| 020 |
|
|
|a 1118720237 (MobiPocket)
|
| 020 |
|
|
|z 9780470905395 (hardback)
|
| 020 |
|
|
|a 9781118720103
|
| 020 |
|
|
|a 1118720105
|
| 020 |
|
|
|z 0470905395
|
| 029 |
1 |
|
|a CHBIS
|b 010131747
|
| 029 |
1 |
|
|a CHVBK
|b 314711775
|
| 029 |
1 |
|
|a DEBBG
|b BV042490474
|
| 029 |
1 |
|
|a DEBSZ
|b 431523673
|
| 029 |
1 |
|
|a NZ1
|b 15340190
|
| 029 |
1 |
|
|a DEBSZ
|b 434836532
|
| 029 |
1 |
|
|a DEBBG
|b BV043395925
|
| 035 |
|
|
|a (OCoLC)844074308
|z (OCoLC)868967216
|z (OCoLC)899243188
|
| 037 |
|
|
|a CL0500000519
|b Safari Books Online
|
| 042 |
|
|
|a pcc
|
| 050 |
0 |
0 |
|a TK5105.88813
|
| 072 |
|
7 |
|a COM
|x 013000
|2 bisacsh
|
| 072 |
|
7 |
|a COM
|x 014000
|2 bisacsh
|
| 072 |
|
7 |
|a COM
|x 018000
|2 bisacsh
|
| 072 |
|
7 |
|a COM
|x 067000
|2 bisacsh
|
| 072 |
|
7 |
|a COM
|x 032000
|2 bisacsh
|
| 072 |
|
7 |
|a COM
|x 037000
|2 bisacsh
|
| 072 |
|
7 |
|a COM
|x 052000
|2 bisacsh
|
| 082 |
0 |
0 |
|a 004.6/2
|2 23
|
| 084 |
|
|
|a COM059000
|2 bisacsh
|
| 049 |
|
|
|a MAIN
|
| 100 |
1 |
|
|a Mukherjee, Anshuman.
|
| 245 |
1 |
0 |
|a Verification of communication protocols in web services
|h [electronic resource] :
|b model-checking service compositions /
|c Zahir Tari, Peter Bertok, Anshuman Mukherjee, RMIT University.
|
| 264 |
|
1 |
|a Hoboken, New Jersey :
|b John Wiley & Sons,
|c 2013.
|
| 300 |
|
|
|a 1 online resource.
|
| 336 |
|
|
|a text
|b txt
|2 rdacontent
|
| 337 |
|
|
|a computer
|b c
|2 rdamedia
|
| 338 |
|
|
|a online resource
|b cr
|2 rdacarrier
|
| 490 |
1 |
|
|a Wiley series on parallel and distributed computing
|
| 520 |
|
|
|a "Provides implementation details of each networking type to help readers to be able to set up Sensor networks in their related job fields"--
|c Provided by publisher.
|
| 588 |
|
|
|a Description based on print version record and CIP data provided by publisher.
|
| 504 |
|
|
|a Includes bibliographical references and index.
|
| 650 |
|
0 |
|a Web services
|x Testing.
|
| 650 |
|
0 |
|a Computer network protocols.
|
| 650 |
|
7 |
|a COMPUTERS / Computer Engineering.
|2 bisacsh
|
| 655 |
|
4 |
|a Electronic books.
|
| 655 |
|
0 |
|a Electronic books.
|
| 700 |
1 |
|
|a Tari, Zahir.
|
| 700 |
1 |
|
|a Bertók, Péter,
|d 1952-
|
| 776 |
0 |
8 |
|i Print version:
|a Mukherjee, Anshuman.
|t Verification of communication protocols in web services
|d Hoboken, New Jersey : Wiley, 2013
|z 9780470905395
|w (DLC) 2013011613
|
| 830 |
|
0 |
|a Wiley series on parallel and distributed computing.
|
| 856 |
4 |
0 |
|u https://doi.org/10.1002/9781118720103
|z Full Text via HEAL-Link
|
| 994 |
|
|
|a 92
|b DG1
|